Sports Quiz

Random Sports or Soccer Quiz

England All Time Wins Quiz Stats

Quiz not verified by Sporcle

Challenge
Share
Tweet
Embed
Score 0/76 Timer 08:00
0 Plays Today
Record Team % Correct
4-10-11Brazil
98%
5-8-2Republic of Ireland
98%
46-24-41Scotland
97.4%
12-5-12Germany
97.4%
66-21-14Wales
96.1%
12-3-8Spain
95.4%
6-6-2Argentina
95.4%
16-5-8France
94.8%
9-10-3Portugal
94.8%
1-0-1Russia
94.8%
8-9-7Sweden
94.1%
75-16-7Northern Ireland
93.5%
7-1-2United States
93.5%
8-7-10Italy
92.8%
6-3-2Norway
92.8%
3-2-1Australia
92.8%
5-9-5Netherlands
92.2%
12-4-3Denmark
90.2%
9-2-0Finland
89.5%
2-2-2Chile
89.5%
11-7-1Poland
89.5%
15-5-1Belgium
88.9%
2-1-0Japan
88.9%
7-2-0Greece
87.6%
3-3-5Uruguay
86.9%
8-2-0Turkey
86.3%
6-1-2Mexico
86.3%
3-0-0Paraguay
86.3%
15-2-5Hungary
84.3%
1-1-0Iceland
83.7%
1-0-0China PR
83%
4-0-0San Marino
82.4%
2-0-0New Zealand
82.4%
14-5-3Switzerland
81.7%
2-6-3Romania
81.7%
1-0-0Canada
81.7%
10-4-4Austria
81%
3-0-0Egypt
81%
Record Team % Correct
2-0-1Peru
81%
2-0-0South Africa
81%
3-0-0Slovakia
80.4%
2-0-0Slovenia
80.4%
4-2-1Ukraine
79.7%
4-1-2Croatia
79.1%
3-1-0Cameroon
77.8%
4-0-0Andorra
77.1%
5-3-3Soviet Union
75.8%
1-1-0Nigeria
75.8%
5-5-4Yugoslavia
75.2%
1-1-0Czech Republic
75.2%
6-4-0Bulgaria
73.9%
3-2-0Colombia
73.9%
1-0-0Jamaica
73.2%
2-0-0Trinidad and Tobago
70.6%
7-3-2Czechoslovakia
69.9%
2-1-0Ecuador
69.3%
2-2-0Israel
68%
2-0-0Estonia
68%
3-1-0East Germany
65.4%
1-1-0Tunisia
65.4%
9-0-0Luxembourg
64.1%
2-2-0Macedonia
63.4%
2-0-0Belarus
63.4%
1-1-0Morocco
63.4%
1-3-0Montenegro
61.4%
4-0-0Moldova
60.1%
3-0-0Malta
59.5%
2-0-0Georgia
58.8%
4-0-0Albania
58.2%
2-0-0Liechtenstein
56.9%
2-0-0Cyprus
55.6%
2-0-0Azerbaijan
49.7%
2-0-0Kazakhstan
49%
1-0-0Serbia and Montenegro
44.4%
1-0-0Kuwait
36.6%
1-0-0Malaysia
19.6%

You're not logged in!

Compare scores with friends on all Sporcle quizzes.
Join for Free
OR
Log In

You Might Also Like...

Show Comments

Extras

Top Quizzes Today


Score Distribution

Your Account Isn't Verified!

In order to create a playlist on Sporcle, you need to verify the email address you used during registration. Go to your Sporcle Settings to finish the process.

Report this User

Report this user for behavior that violates our Community Guidelines.

Details: